載入...

Mother India A political biography of Indira Gandhi /

書目詳細資料
主要作者: Gupta, Pranay
語言:Undetermined
出版: New Delhi : Penguin Books , 2009.
主題:
LEADER 00589nam a2200169Ia 4500
001 164066
008 170722s9999 xx 000 0 und d
020 |a 9780670084098 
100 |a Gupta, Pranay 
245 |a Mother India  |b A political biography of Indira Gandhi / 
260 |a New Delhi :  |b Penguin Books ,  |c 2009. 
300 |a xii+597p[ 
653 |a Indian History 
923 |d 20100218  |n 6656 
942 |c GEN 
999 |c 143230  |d 143230 
952 |0 0  |1 0  |4 0  |6 V_221WN17GB_P9  |7 0  |9 202728  |a LIB  |b LIB  |d 2013-03-25  |e Ajith Book Stall  |l 1  |o V2,21wN17(GB) P9  |p 279136  |r 2017-10-16  |s 2017-10-10  |v 599.00  |w 2017-08-12  |y GEN